Open Data Biblioteca Nacional de Portugal


República Portuguesa: Ministério da Cultura
Biblioteca Nacional de Portugal

Catálogo da BNP: acesso por Identificadores Unívocos
Registos Bibliográficos associados ao registo de autoridade

Etiqueta de registo: 00000nam 2200025 450
001 1979477
003 http://id.bnportugal.gov.pt/bib/catbnp/1979477
021 ## $aPT$b425072/17
100 ## $a20180104d2017 d y0pory01030103ba
101 0# $apor
102 ## $aPT
105 ## $aa z 000fy
106 ## $ar
200 1# $a Uma grande cãofusão$fAndré Luís$gil. Carlos Rocha, Paulo Montes
210 #9 $aFaro$c[s.n.],$d2017
215 ## $a24, [6] p.$cmuito il.$d22 cm
675 ## $a087.5$vBN$zpor$3287999
675 ## $a821.134.3-93"20"$vBN$zpor$31046482
675 ## $a821.134.3-34"20"$vBN$zpor$31018838
700 #1 $aLuís,$bAndré$31700667
702 #1 $94$aRocha,$bCarlos$4440$31580556
702 #1 $aMontes,$bPaulo$4440$31700668
801 #0 $aPT$bBN$gRPC
856 41 $uhttp://rnod.bnportugal.gov.pt/ImagesBN/winlibimg.aspx?skey=&doc=1979477&img=105518&save=true
900 ## $aBIBNAC$d20180112
966 ## $lBN$mFGMON$sP. 49441 V.$x1
966 ## $lBN$mFGMON$sP. 49441 V.-D$x1

Etiqueta de registo: 00254nam 2200025 450
001 2284215
003 http://id.bnportugal.gov.pt/bib/catbnp/2284215
010 ## $a978-989-36328-4-0
021 ## $aPT$b558330/25
100 ## $a20260413d2025 m y0pory01030103ba
101 1# $apor$aeng
102 ## $aPT
105 ## $aa b 000yy
106 ## $ar
200 1# $aNotre feu$ftextos Isabelle Ferreira, Joana P. R. Neves, Victor Pereira$ged. e coord. Nuno Ferreira Carvalho$gtrad. Karim Mesmoudi, Paulo Montes$gfot. Guillaume Vieira
210 #9 $aLisboa$cMuseu de Arte, Arquitectura e Tecnologia,$d2025
215 ## $a111, [1] p.$cil.$d26 cm
702 #1 $aFerreira,$bIsabelle,$f1972-$4070$31995498
702 #1 $aNeves,$bJoana P. R.,$f1976-$4070$31789846
702 #1 $95$aCarvalho,$bNuno$4340$31555754
702 #1 $aPereira,$bVictor,$f1978-$4070$31417883
702 #1 $aMesmoudi,$bKarim$4730$31995514
702 #1 $aMontes,$bPaulo$4730$31700668
702 #1 $aVieira,$bGuillaume$4600$31818068
801 #0 $aPT$bBN$gRPC
966 ## $lBN$mFGMON$x1
966 ## $lBN$mFGMON$x1
971 ## $cabrito$d20260413

OpendataBNP@bnportugal.pt | Mais informação sobre acesso aos dados BNP